000 00381ntaaa2200157 4500
003 01
005 20251027201716.0
008 0714s1973 ag 01
040 _aAR-BaBN
_bspa
_cAR-BaBN
_eaacr
_dRIC
082 _a234.0000 J96r
245 _aLa reconciliación
250 _a1 ed.
260 _aBuenos Aires :
_bJunta Bautista de Publicaciones,
_c1974
300 _a38 p
942 _cBK
999 _c11752
_d11752